000 00771nam a22002057a 4500
005 20160229123703.0
010 _aENG-114983
020 _a9788120351677
_c850.00
035 _aEN-98515
037 _bDBAD/PUB
082 _a621.3822
100 _aUdayashankara,V.
245 _aModern digital signal processing :
_cby V.Udayashankara
_bincludes signals and systems and digital signal processing with MATLAB programs DSP achitecture with assembly and C programs /
250 _a3rd ed
260 _aDelhi
_bPHI Learning
_c2016
270 _aRimjhim House, 111, Patparganj Industrial Estate,
_bDelhi
_e110092
300 _axxiii,951p. :
_bill.
_c24cm(pbk)
500 _aIncludes bibliographical references and index
942 _2ddc
_cEN
_mUDA
_h621.3822
999 _c99261
_d99261